Human, Au-Too-Human Part 1&2 Beyond Good and Evil (Record no. 4309)

MARC details
000 -LEADER
fixed length control field 00420nam a22001457a 4500
008 - FIXED-LENGTH DATA ELEMENTS--GENERAL INFORMATION
fixed length control field 250716b |||||||| |||| 00| 0 eng d
020 ## - INTERNATIONAL STANDARD BOOK NUMBER
ISBN 9781840225914
100 ## - MAIN ENTRY--AUTHOR
Author Neitzsche Friedrich
245 ## - TITLE STATEMENT
Title Human, Au-Too-Human Part 1&2 Beyond Good and Evil
260 ## - PUBLICATION, DISTRIBUTION, ETC. (IMPRINT)
Place of publication Hertfordshire
Name of publisher Wordsworth Editions Limited
Date of publication 2008
300 ## - COLLATION
Pagination xxiii, 693p.
650 ## - TRACINGS
Main Subject Human Beings
Subdivision (1st) Philosophy
942 ## - ADDED ENTRY ELEMENTS (KOHA)
Item type Books
050 ## - LIBRARY OF CONGRESS CALL NUMBER
Classification number B3313
Item number .N45
Holdings
Source of classification or shelving scheme Not for loan Permanent location Current location Date acquired Accession No. Full call number Barcode. Koha item type
Library of Congress Classification   Samuel Ogbemudia Main Library, University of Abuja Samuel Ogbemudia Main Library, University of Abuja 07/16/2025 2023/61733 B3313.N45 2025-3076 Books
Library of Congress Classification   Samuel Ogbemudia Main Library, University of Abuja Samuel Ogbemudia Main Library, University of Abuja 07/16/2025 2023/61733 B3313.N45 2025-3077 Books